50 Richest Sports Players of All Time - Statistics

General Stats
  • This quiz has been taken 542 times
  • The average score is 13 of 50
Answer Stats
Sport Player % Correct
Basketball Michael Jordan
92%
Golf Tiger Woods
89%
Basketball Lebron James
83%
Soccer Lionel Messi
78%
Soccer Cristiano Ronaldo
75%
WWE Dwayne Johnson
64%
Tennis Roger Federer
63%
Basketball Kobe Bryant
56%
Boxing Floyd Mayweather
55%
Formula 1 Lewis Hamilton
52%
Formula 1 Michael Schumacher
50%
Basketball Magic Johnson
48%
Tennis Serena Williams
43%
Basketball Shaquille O'Neal
43%
Soccer David Beckham
35%
Football Peyton Manning
32%
Golf Phil Mickelson
30%
Hockey Wayne Gretzky
28%
Golf Jack Nicklaus
26%
Golf Arnold Palmer
23%
Baseball Alex Rodriguez
22%
Boxing Manny Pacquiao
21%
WWE Vince McMahon
19%
Tennis Andre Agassi
18%
NASCAR Dale Earnhardt Jr.
17%
Formula 1 Fernando Alonso
16%
Tennis Pete Sampras
16%
Basketball Tim Duncan
16%
Baseball Derek Jeter
15%
Soccer Wayne Rooney
13%
Basketball Dirk Nowitzki
11%
Boxing George Foreman
11%
Basketball Kevin Garnett
11%
Tennis Maria Sharapova
11%
Formula 1 Kimi Raikkonen
7%
Hockey Mario Lemieux
7%
Golf Greg Norman
5%
Basketball Hakeem Olajuwon
5%
Boxing Oscar De La Hoya
5%
Basketball Grant Hill
4%
Football John Madden
2%
Football Roger Staubach
2%
Basketball/Golf Junior Bridgeman
1%
Rally Racing Ken Block
1%
Baseball CC Sabathia
0%
Football/Equipment Dave Whelan
0%
Motor Racing Johnny Dumfries
0%
Rugby Paul Caddick
0%
NASCAR Richard Childress
0%
Rugby Tony O'Reilly
0%
No matching quizzes found
Score Distribution
Percent of People with Each Score
Percentile by Number Answered
Your Score History
You have not taken this quiz